000
00276nam a2200109 4500
008
180215b xxu||||| |||| 00| 0 eng d
245
_a
Better method.
260
_a
Philippines:
_b
Sun Star Davao,
_c
c2016.
300
_a
page 8.
650
0
_9
26499
_a
Agriculture.
942
_2
ddc
_c
PER
999
_c
8646
_d
8646